| 000 | 01028cab a2200301 4500 | ||
|---|---|---|---|
| 001 | ABS54159 | ||
| 008 | 090401t1995 xxu||||| |||| 00| 0 eng d | ||
| 035 | _a(Sirsi) u8839 | ||
| 041 | _aeng | ||
| 245 | _aSpecial report: Retail | ||
| 260 | _c1995 | ||
| 350 | _a0 | ||
| 490 |
_aProperty Week _v53(10) 7 December 1995, 38-46(6) |
||
| 520 | _aReports on local authorities wanting to keep control of lucrative town-centre car parks, Sainsbury`s planning to use virtual reality to help design future stores, Safeway`s introducing self-scanners to speed up queues and the refurbishment of 1960s and 1970s shopping centres. | ||
| 650 | _aCAR PARKS | ||
| 650 | _aFOOD RETAILERS | ||
| 650 | _aFUTURE | ||
| 650 | _aLOCAL AUTHORITIES | ||
| 650 | _aNEW TOWN SHOPPING CENTRES | ||
| 650 | _aRETAILING | ||
| 650 | _aSELF-SCANNING | ||
| 650 | _aSHOPPING MALLS | ||
| 650 | _aSUPERMARKET DESIGN | ||
| 650 | _aVIRTUAL REALITY | ||
| 690 | _aPROPERTY-COMMERCIAL PROPERTY-RETAIL PROPERTY | ||
| 942 | _n0 | ||
| 948 | _c04/03/1997 | ||
| 999 |
_c5475 _d5475 |
||